banner koha

Eficiencia de herbicidas pos-emergentes para o controle de invasoras na cultura da soja (Glycine max (L.)Merr.) (Registro n. 335530)

MARC details
000 -LÍDER
campo de controle de tamanho fixo 01288naa a22003257a 4500
001 - NÚMERO DE CONTROLE
campo de controle BR8708027
003 - IDENTIFICADOR DO NÚMERO DE CONTROLE
campo de controle BR-BrBNA
005 - DATA E HORÁRIO DA ÚLTIMA TRANSAÇÃO
campo de controle 20250721154537.0
007 - CAMPO FIXO DE DESCRIÇÃO FÍSICA--INFORMAÇÃO GERAL
campo de controle de tamanho fixo ta
008 - CAMPO DE DADOS FIXOS--INFORMAÇÃO GERAL
campo de controle de tamanho fixo 250630b bl.|||m| |||| 00| 0 por d
040 ## - FONTE DA CATALOGAÇÃO
Instituição da catalogação original BR-BrBNA
Idioma da catalogação por
Instituição que transcreveu o registro Biblioteca Nacional de Agricultura
041 ## - CÓDIGO DE IDIOMA
Código do idioma do texto/trilha sonora ou título diferente (Pt)
072 ## - CÓDIGO DE CATEGORIA DE ASSUNTO
Código de Categoria de Assunto H60
Código do objeto 0336
-- 3876
090 ## - NÚMERO DE CHAMADA LOCAL
Número de chamada H60 BR8708027
100 1# - ENTRADA PRINCIPAL--NOME PESSOAL
Nome pessoal Xavier, F.E.
100 1# - ENTRADA PRINCIPAL--NOME PESSOAL
Nome pessoal Pinto, J.J.O.
100 1# - ENTRADA PRINCIPAL--NOME PESSOAL
Nome pessoal Cunha, V.L.P. da
100 1# - ENTRADA PRINCIPAL--NOME PESSOAL
Nome pessoal Souza, J.L.B. de
245 1# - TÍTULO
Título Eficiencia de herbicidas pos-emergentes para o controle de invasoras na cultura da soja (Glycine max (L.)Merr.)
246 1# - FORMA VARIANTE DO TÍTULO
Título/título abreviado [Efficiency of herbicides in the control of soybeans weeds]
246 1# - FORMA VARIANTE DO TÍTULO
Título/título abreviado [Soybeans. Results of research 1982/83]
490 ## - TÍTULO DA SÉRIE
Título da série Documentos - Centro de Pesquisa Agropecuaria de Terras Baixas de Clima Temperado (Brazil)
Número do volume ou designação sequencial da série no. 13
500 ## - NOTA GERAL
Nota geral Soja. Resultados de pesquisa 1982/83<br/>Brasilia, DF (Brasil): Empresa Brasileira de Pesquisa Agropecuaria. Depto. de Difusao de Tecnologia, 1986. p. 107-110<br/>(BR8708027-AMS)<br/>
650 ## - ASSUNTO--TERMO TÓPICO
Cabeçalho tópico ou nome geográfico SOJA
650 ## - ASSUNTO--TERMO TÓPICO
Cabeçalho tópico ou nome geográfico ERVA DANINHA
650 ## - ASSUNTO--TERMO TÓPICO
Cabeçalho tópico ou nome geográfico HERBICIDA
773 0# - ENTRADA ANALÍTICA
Título Soja. Resultados de pesquisa 1982/83
Número de controle do registro H60 BR8708027
Partes relacionadas Brasilia, DF (Brasil), 1986. p. 107-110
942 ## - ELEMENTOS DE ENTRADA ADICIONADOS (KOHA)
Tipo de material Koha Analítica de Monografia Seriada
Fonte da classificação ou esquema de arquivamento na estante Classificação AGRIS
909 ## -
-- 202506
-- Lúcia
-- 55
-- Lúcia Elande
Exemplares
Situação do descarte Fonte da classificação ou esquema de arquivamento na estante Situação física Não pode ser emprestado Coleção Biblioteca de origem Biblioteca atual Total de empréstimos Número de telefone completo Data de último acesso Número do exemplar Tipo de material Koha Situação das perdas Data de aquisição Fonte de aquisição
  Classificação AGRIS       Biblioteca Nacional de Agricultura - Binagri Biblioteca Nacional de Agricultura - Binagri   0336 BR8200082 30/06/2025 01 Analítica de Monografia Seriada   2025-06-30 Portaria Interministerial nº 164/94

BINAGRI

Telefone: (61)3218-2567/2388/3357/2097 - binagri@agro.gov.br

Ministério da Agricultura e Pecuária , Esplanada dos Ministérios, Bloco D, Anexo B, Brasília/DF, CEP: 70.043-900